[Event "Berlin-ch QT"]
[Site "Berlin"]
[Date "2015.04.03"]
[Round "1"]
[White "Lorenz, Joerg"]
[Black "Cierpinski, Guenter"]
[Result "1-0"]
[WhiteElo "2126"]
[BlackElo "1894"]
[PlyCount "93"]
[EventDate "2015.04.03"]
[EventType "swiss"]
[EventRounds "9"]
[EventCountry "GER"]
[SourceTitle "EXT 2022"]
[Source "ChessBase"]
[SourceDate "2021.10.06"]
[SourceVersion "1"]
[SourceVersionDate "2021.10.06"]
[SourceQuality "1"]

1. e4 e5 2. Nf3 Nc6 3. Bc4 Be7 4. 0-0 d6 5. c3 Nf6 6. Re1 Bg4 7. h3 Bh5 8. d3 0-0 9. g4 Bg6 10. Bb3 Na5 11. Bc2 c5 12. Nbd2 Nc6 13. Nf1 Nd7 14. Ng3 f6 15. Bb3+ Kh8 16. Kg2 Qe8 17. Nh4 Na5 18. Nxg6+ hxg6 19. Bc2 Bd8 20. Rh1 Rf7 21. Be3 b5 22. Qe2 Nf8 23. b4 cxb4 24. cxb4 Nc6 25. Bb3 Re7 26. Qd2 Bb6 27. Bxb6 axb6 28. h4 Nd4 29. Bd5 Rc8 30. h5 g5 31. Nf5 Nxf5 32. gxf5 Rec7 33. Qe3 Nd7 34. Be6 Rc3 35. h6 g6 36. Qh3 g4 37. Qxg4 g5 38. Qf3 R8c7 39. Qe3 Nf8 40. Bd5 Nd7 41. Rac1 Kh7 42. Rxc3 Rxc3 43. Be6 Nf8 44. Qxb6 Nxe6 45. fxe6 Qe7 46. Qxb5 Rc7 47. Qd5 1-0

[Event "Berlin Eckbauer op 15th"]
[Site "Berlin"]
[Date "2012.11.05"]
[Round "4.14"]
[White "Lampe, Christian"]
[Black "Cierpinski, Guenter"]
[Result "1-0"]
[WhiteElo "1675"]
[BlackElo "1910"]
[PlyCount "67"]
[EventDate "2012.10.15"]
[EventType "swiss"]
[EventRounds "7"]
[EventCountry "GER"]
[SourceTitle "EXT 2022"]
[Source "ChessBase"]
[SourceDate "2021.10.06"]
[SourceVersion "1"]
[SourceVersionDate "2021.10.06"]
[SourceQuality "1"]

1. c4 Nf6 2. g3 g6 3. Bg2 Bg7 4. Nc3 d6 5. e4 e5 6. Nge2 Nbd7 7. 0-0 0-0 8. d3 a5 9. h3 Nc5 10. Be3 Be6 11. b3 Qd7 12. Kh2 Rad8 13. Qd2 c6 14. d4 exd4 15. Nxd4 Rfe8 16. Bg5 Rb8 17. Rad1 d5 18. cxd5 cxd5 19. Nxe6 fxe6 20. exd5 exd5 21. Bxf6 Bxf6 22. Nxd5 Bg7 23. Qxa5 b6 24. Nxb6 Qc7 25. Nc4 Qxa5 26. Nxa5 Re2 27. Nc6 Rb6 28. b4 Ne4 29. Rd8+ Kf7 30. Bf3 Rxf2+ 31. Rxf2 Nxf2 32. a4 Bc3 33. b5 Kf6 34. Kg2 1-0